Influence of ethephon stimulation on latex physiological parameters and consequences on latex diagnosis implementation in rubber agro-industry (Record no. 61225)

MARC details
000 -LEADER
fixed length control field 01100nam a2200361Ia 4500
100 ## - MAIN ENTRY--AUTHOR NAME
Personal name Gohet
245 #0 - TITLE STATEMENT
Title Influence of ethephon stimulation on latex physiological parameters and consequences on latex diagnosis implementation in rubber agro-industry
260 ## - PUBLICATION, DISTRIBUTION, ETC. (IMPRINT)
Name of publisher IRRDB Workshop on Latex Harvesting Technologies, 5-8 May 2008, Academy Hevea Malaysia, Malaysian Rubber Board, Sungai Buloh, Selangor.
650 ## - SUBJECT ADDED ENTRY--TOPICAL TERM
Topical Term Ethephon stimulation
650 ## - SUBJECT ADDED ENTRY--TOPICAL TERM
Topical Term Latex diagnosis
650 ## - SUBJECT ADDED ENTRY--TOPICAL TERM
Topical Term Latex physiological parameters
650 ## - SUBJECT ADDED ENTRY--TOPICAL TERM
Topical Term Rubber agro-industry
700 ## - ADDED ENTRY--PERSONAL NAME
Personal name
700 ## - ADDED ENTRY--PERSONAL NAME
Personal name Balerin Y
700 ## - ADDED ENTRY--PERSONAL NAME
Personal name Benites G
700 ## - ADDED ENTRY--PERSONAL NAME
Personal name Cavaloc E
700 ## - ADDED ENTRY--PERSONAL NAME
Personal name Chegbene P
700 ## - ADDED ENTRY--PERSONAL NAME
Personal name de Rostolan E
700 ## - ADDED ENTRY--PERSONAL NAME
Personal name Dumortier F
700 ## - ADDED ENTRY--PERSONAL NAME
Personal name Echimane P
700 ## - ADDED ENTRY--PERSONAL NAME
Personal name Ginting E
700 ## - ADDED ENTRY--PERSONAL NAME
Personal name Hocepied E
700 ## - ADDED ENTRY--PERSONAL NAME
Personal name Najera C A
700 ## - ADDED ENTRY--PERSONAL NAME
Personal name Permadi H P
700 ## - ADDED ENTRY--PERSONAL NAME
Personal name Sargeant H J
700 ## - ADDED ENTRY--PERSONAL NAME
Personal name Scomparin C
700 ## - ADDED ENTRY--PERSONAL NAME
Personal name Soumahoro M
700 ## - ADDED ENTRY--PERSONAL NAME
Personal name Uche E
700 ## - ADDED ENTRY--PERSONAL NAME
Personal name Williams H
856 ## - ELECTRONIC LOCATION AND ACCESS
Uniform Resource Identifier Papers only
942 ## - ADDED ENTRY ELEMENTS (KOHA)
Koha item type Journals
100 ## - MAIN ENTRY--AUTHOR NAME
--
700 ## - ADDED ENTRY--PERSONAL NAME
-- uyatno
Holdings
Withdrawn status Lost status Damaged status Not for loan Home library Current library Shelving location Date acquired Koha item type
      Journals RRII Library RRII Library Physiology 20/06/2008 Journals